LDR 00764naa#a2200193#i#450# 001 EN\\bibl\120991 005 20260603171329.3 011 ## _a2782-5256 100 ## _a20251225b2025####ek#y0engy0150####ca 102 ## _aRU 200 1# _aStorage of physical evidence in the context of the fundamentals of the evidentiary process in pre-trial criminal proceedings _eJournal article 210 1# _aMoscow _cMoscow University of the Ministry of Internal Affairs of Russia named after V.Ya. Kikot _d2025 215 ## _a6 с. 608 ## _aJournal article _2local 675 ## _aПраво. Юридические науки. 34 _z 700 #1 _aRastoropov _gSergey Vladimirovich 700 #1 _aIvanov _gDmitriy Aleksandrovich 700 #1 _aRastoropova _gOl'ga Vladimirovna 856 4# _amosumvd.editorum.ru _u